| 000 | 00654nam a2200217 i 4500 | ||
|---|---|---|---|
| 001 | 67923 | ||
| 003 | ES-MaACL | ||
| 005 | 20230906170154.0 | ||
| 007 | t| | ||
| 008 | 040216s1972 fr ||||1| spa d | ||
| 100 | 1 |
_aGallo, Max. _953635 |
|
| 245 | 1 | 0 |
_aHistoria de la España franquista / _cMax Gallo. |
| 260 |
_a[París] : _bRuedo Ibérico, _c[1972] |
||
| 300 |
_aX, 453 p., 24 lám. ; _c24 cm. |
||
| 490 | 1 | _aEspaña contemporánea | |
| 651 | 4 |
_aEspaña- _xHistoria- _y1939-1975, Dictadura. _9167928 |
|
| 710 | 2 |
_aÉditions Ruedo ibérico. _9145333 |
|
| 830 | 1 |
_aEspaña contemporánea _9180360 |
|
| 852 |
_aES-MaACL _jL-3332 |
||
| 999 |
_c67923 _d67923 |
||